Online
Catalog

Relaciones / (Record no. 26473)

MARC details
000 -CABECERA
campo de control de longitud fija 01050nam a2200277 a 4500
001 - NÚMERO DE CONTROL
campo de control 000026981
003 - IDENTIFICADOR DEL NÚMERO DE CONTROL
campo de control DO-SdBNP
005 - FECHA Y HORA DE LA ÚLTIMA TRANSACCIÓN
campo de control 20210707114204.0
008 - DATOS DE LONGITUD FIJA--INFORMACIÓN GENERAL
campo de control de longitud fija 110328s1951 dr 000 0 spa d
040 ## - FUENTE DE LA CATALOGACIÓN
Centro catalogador/agencia de origen DO-SdBNP
Lengua de catalogación spa
Centro/agencia transcriptor BNPHU
082 ## - NÚMERO DE LA CLASIFICACIÓN DECIMAL DEWEY
Número de clasificación 928.6
Número de documento/Ítem R696r
100 1# - ENTRADA PRINCIPAL--NOMBRE DE PERSONA
Nombre de persona Rodríguez Objio, Manuel
9 (RLIN) 54078
245 10 - MENCIÓN DE TÍTULO
Título Relaciones /
Mención de responsabilidad, etc. Manuel Rodríguez Objio; introducción, títulos y notas de Ramón Lugo Lovatón.
260 ## - PUBLICACIÓN, DISTRIBUCIÓN, ETC.
Lugar de publicación, distribución, etc. Santo Domingo :
Nombre del editor, distribuidor, etc. Ciudad Trujillo, República Dominicana :
-- Archivo General de la Nación,
Fecha de publicación, distribución, etc. 1951
Fabricante Talleres Tipográficos
300 ## - DESCRIPCIÓN FÍSICA
Extensión 319 p. ;
Dimensiones 25 cm.
490 1# - MENCIÓN DE SERIE
Mención de serie Archivo General de la Nación
Designación de volumen o secuencia 8
500 ## - NOTA GENERAL
Nota general Incluye índice
500 ## - NOTA GENERAL
Nota general Incluye referencias bibliográficas y notas al pie de las páginas
590 ## - NOTA LOCAL (RLIN)
Nota local Inventariado, 2021 / DG
650 4# - PUNTO DE ACCESO ADICIONAL DE MATERIA--TÉRMINO DE MATERIA
Término de materia o nombre geográfico como elemento de entrada Rodríguez Objio, Manuel
Subdivisión general Autobiografía
9 (RLIN) 79127
650 4# - PUNTO DE ACCESO ADICIONAL DE MATERIA--TÉRMINO DE MATERIA
Término de materia o nombre geográfico como elemento de entrada Rodríguez Objio, Manuel
Subdivisión cronológica 1837-1870
9 (RLIN) 79128
700 1# - PUNTO DE ACCESO ADICIONAL--NOMBRE DE PERSONA
Nombre de persona Lugo Lovatón, Ramón
9 (RLIN) 54077
830 #0 - PUNTO DE ACCESO ADICIONAL DE SERIE-TÍTULO UNIFORME
Título uniforme Archivo General de la Nación
Número de parte o sección de la obra 8
9 (RLIN) 54079
910 ## - DATOS DE OPCIÓN DEL USUARIO (OCLC)
Datos de opción del usuario D/G
942 ## - ELEMENTOS DE PUNTO DE ACCESO ADICIONAL (KOHA)
Fuente del sistema de clasificación o colocación Dewey Decimal Classification
Tipo de ítem Koha Libro
Holdings
Estado de retiro Estado de pérdida No para préstamo Código de colección Localización permanente Ubicación/localización actual Ubicación en estantería Fecha de adquisición Número de inventario Total de préstamos Signatura topográfica completa Código de barras Fecha visto por última vez Precio válido a partir de Tipo de ítem Koha Restricciones de uso Nota pública Número de copia Fuente del sistema de clasificación o colocación
      Patrimonio Dominicano General General Orden iniciada 09.08.2019 LF1   26981-30 25.06.2020 25.06.2020 Libro y Folleto Colección Patrimonio Dominicano        
      Dominicana de Servicio Biblioteca Nacional Pedro Henríquez Ureña General Depósito 07.07.2021     BNPHU DS 928.6 R696r 2021-2448 07.07.2021 07.07.2021 Libro y Folleto Colección Dominicana de Servicio Préstamo en sala   e.4 Dewey Decimal Classification
    Excluido de préstamo Raros y valiosos Patrimonio Dominicano Patrimonio Dominicano Depósito 28.03.2011 LF1   26981-10 25.06.2020 25.06.2020 No se presta   Perteneció a la biblioteca personal de Martínez Boog.    
    Excluido de préstamo Raros y valiosos Patrimonio Dominicano Patrimonio Dominicano Depósito 14.07.2011 LF1   26981-20 25.06.2020 25.06.2020 No se presta     e. 2  

Powered by Koha